[Event "KNSB Meesterklasse 2023-2024"]
[Site "?"]
[Date "2024.04.20"]
[Round "9.9"]
[White "Mollema, Thomas"]
[Black "Van de Griendt, Jan Willem"]
[Result "1-0"]
[WhiteElo "2225"]
[BlackElo "2369"]
[PlyCount "90"]
[EventDate "2023.09.16"]
[EventType "team-tourn"]
[EventRounds "9"]
[EventCountry "NED"]
[WhiteTeam "HMC Den Bosch"]
[BlackTeam "Paul Keres"]
[WhiteTeamCountry "NED"]
[BlackTeamCountry "NED"]

1. e4 c5 2. Nf3 e6 3. c3 d5 4. exd5 exd5 5. d4 Nc6 6. Bb5 Bd6 7. O-O Nge7 8.
Re1 O-O 9. dxc5 Bxc5 10. Be3 Bd6 11. Nbd2 Nf5 12. Nf1 h6 13. Qd2 Be6 14. Bf4
Bc5 15. Ne3 Nd6 16. Bxd6 Qxd6 17. b4 Bxe3 18. Qxe3 a5 19. a3 Ne7 20. Bd3 axb4
21. cxb4 Rfe8 22. Nd4 Bd7 23. Qd2 Kf8 24. Bc2 Qf6 25. Bb3 Red8 26. a4 Nf5 27.
Nf3 Be6 28. Bc2 Nd6 29. Nd4 Bf5 30. Bxf5 Nxf5 31. Nxf5 Qxf5 32. Qd4 Qf6 33. Re5
Rac8 34. Rae1 Qd6 35. Qf4 Qd7 36. a5 d4 37. Qe4 f6 38. Re7 Re8 39. Rxe8+ Rxe8
40. Qxe8+ Qxe8 41. Rxe8+ Kxe8 42. b5 Kd7 43. Kf1 Kd6 44. Ke2 Kc5 45. a6 Kd5 1-0